Biggest Cities in the Persian Gulf Region on the Map - Statistics

General Stats
  • This quiz has been taken 894 times
  • The average score is 7 of 20
Answers on the Map
Answers color-coded by a green-red scale on the quiz's map according to % correct below.
 
Answer Stats
Country Pop Cities % Correct
5.27 mil Dubai incl. Sharjah, Ajman
98%
3.00 mil Kuwait City incl. Hawally, Al-Farwaniyah
97%
1.51 mil Abu Dhabi
96%
2.24 mil Doha incl. Ar-Rayyan, Umm Salal Muhammad, Al-Wukair
96%
1.52 mil Manama incl. Riffa, Muharraq
81%
1.56 mil Basra incl. Abu al-Khasib
63%
1.75 mil Dammam incl. Dhahran, Al-Khobar, Al-Qatif
56%
1.26 mil Ahvaz
25%
526 k Bandar Abbas
24%
263 k Ras Al-Khaimah
15%
496 k Al Ain
14%
323 k Bushehr
12%
231 k Abadan
11%
660 k Hofuf incl. Al-Mubarraz
10%
393 k Jubail
9%
162 k Bandar-e Mahshahr
3%
155 k Borazjan
3%
271 k Hafar al-Batin
3%
370 k Az-Zubayr
2%
399 k Dezful incl. Andimeshk
2%
No matching quizzes found
Score Distribution
Percent of People with Each Score
Percentile by Number Answered
Your Score History
You have not taken this quiz